Nursing diagnosis : (Record no. 80660)

MARC details
000 -LEADER
fixed length control field 00793nam a22002297a 4500
003 - CONTROL NUMBER IDENTIFIER
control field URS
005 - DATE AND TIME OF LATEST TRANSACTION
control field 20240703233047.0
008 - FIXED-LENGTH DATA ELEMENTS--GENERAL INFORMATION
fixed length control field 240703b |||||||| |||| 00| 0 eng d
020 ## - INTERNATIONAL STANDARD BOOK NUMBER
International Standard Book Number 978-0-7817-8121-3 (pbk. : alk. paper)
040 ## - CATALOGING SOURCE
Description conventions rda
Transcribing agency URS
Language of cataloging English
050 00 - LIBRARY OF CONGRESS CALL NUMBER
Classification number RT48.6
Item number .N938 2008
100 ## - MAIN ENTRY--PERSONAL NAME
Personal name Carpenito-Moyet, Lynda Juall.,
Relator term author.
9 (RLIN) 1073
245 10 - TITLE STATEMENT
Title Nursing diagnosis :
Remainder of title application to clinical practice /
Statement of responsibility, etc Lynda Juall Carpenito-Moyet.
264 ## - PUBLICATION, DISTRIBUTION, ETC. (IMPRINT)
Place of publication, distribution, etc Philadelphia :
Name of publisher, distributor, etc Lippincott Williams & Wilkins,
Date of publication, distribution, etc ©2008.
300 ## - PHYSICAL DESCRIPTION
Extent xxiv, 969 pages ;
Dimensions 28 cm.
336 ## - CONTENT TYPE
Content type term text
Content type code txt
Source rdacontent
337 ## - MEDIA TYPE
Media type term unmediated
Media type code n
Source rdamedia
338 ## - CARRIER TYPE
Carrier type term volume
Carrier type code nc
Source rdacarrier
504 ## - BIBLIOGRAPHY, ETC. NOTE
Bibliography, etc Includes bibliographical references and index.
650 #0 - SUBJECT ADDED ENTRY--TOPICAL TERM
Topical term or geographic name as entry element Nursing diagnosis
942 ## - ADDED ENTRY ELEMENTS (KOHA)
Source of classification or shelving scheme Library of Congress Classification
Koha item type Foreign Books
Holdings
Withdrawn status Lost status Source of classification or shelving scheme Damaged status Not for loan Collection code Home library Current library Shelving location Date acquired Source of acquisition Total Checkouts Full call number Barcode Date last seen Copy number Koha item type
    Library of Congress Classification     Non-fiction Taytay College Library Taytay College Library Foreign Section 07/03/2024 Donation   RT48.6 .N938 2008 URSTAY-5530 06/05/2025 1 Foreign Books
    Library of Congress Classification     Non-fiction Taytay College Library Taytay College Library Foreign Section 07/03/2024 Donation   RT48.6 .N938 2008 URSTAY-5531 06/05/2025 2 Foreign Books

University of Rizal System
Email us at univlibservices@urs.edu.ph

Visit our Website www.urs.edu.ph/library